Компенсация реактивной мощности в электроустановках промышленных предприятий: учебное пособие
| Հիմնական հեղինակ: | |
|---|---|
| Համատեղ հեղինակ: | |
| Ամփոփում: | Заглавие с титульного экрана Электронная версия печатной публикации В пособии на примере простейших электрических цепей дано понятие реактивной мощности, раскрывается значение мероприятий по ее компенсации. Проанализированы основные факторы, влияющие на снижение коэффициента мощности в системах электроснабжения предприятий, и те конкретные последствия, которые влечет за собой его низкое значение. Даются рекомендации по выбору мест размещения конденсаторных батарей в действующих сетях. Кратко рассмотрены вопросы эксплуатации конденсаторных установок на промышленных объектах и их влияние на устойчивость узлов нагрузки. Для лучшего усвоения материала некоторые положения иллюстрируются численными примерами. Предназначено для студентов, обучающихся по направлению 140400 - "Электроэнергетика и электротехника" (магистерская программа "Оптимизация развивающихся систем электроснабжения"), специальности 140211 - "Электроснабжение". Режим доступа: из корпоративной сети ТПУ |
| Լեզու: | ռուսերեն |
| Հրապարակվել է: |
Томск, Изд-во ТПУ, 2012
|
| Խորագրեր: | |
| Առցանց հասանելիություն: | http://www.lib.tpu.ru/fulltext2/m/2012/m333.pdf |
| Ձևաչափ: | MixedMaterials Էլեկտրոնային Գիրք |
| KOHA link: | https://koha.lib.tpu.ru/cgi-bin/koha/opac-detail.pl?biblionumber=218406 |
MARC
| LEADER | 00000nlm0a2200000 4500 | ||
|---|---|---|---|
| 001 | 218406 | ||
| 005 | 20231101230208.0 | ||
| 035 | |a (RuTPU)RU\TPU\book\238432 | ||
| 090 | |a 218406 | ||
| 100 | |a 20120620d2012 m y0rusy50 ca | ||
| 101 | 0 | |a rus | |
| 102 | |a RU | ||
| 105 | |a a j 001zy | ||
| 135 | |a drcn ---uucaa | ||
| 181 | 0 | |a i | |
| 182 | 0 | |a b | |
| 200 | 1 | |a Компенсация реактивной мощности в электроустановках промышленных предприятий |b Электронный ресурс |e учебное пособие |f А. В. Кабышев |g Национальный исследовательский Томский политехнический университет (ТПУ), Энергетический институт (ЭНИН), Кафедра электроснабжения промышленных предприятий (ЭПП) | |
| 203 | |a Текст |c электронный | ||
| 210 | |a Томск |c Изд-во ТПУ |d 2012 | ||
| 230 | |a 1 компьютерный файл (pdf; 3.4 MB) | ||
| 300 | |a Заглавие с титульного экрана | ||
| 300 | |a Электронная версия печатной публикации | ||
| 330 | |a В пособии на примере простейших электрических цепей дано понятие реактивной мощности, раскрывается значение мероприятий по ее компенсации. Проанализированы основные факторы, влияющие на снижение коэффициента мощности в системах электроснабжения предприятий, и те конкретные последствия, которые влечет за собой его низкое значение. Даются рекомендации по выбору мест размещения конденсаторных батарей в действующих сетях. Кратко рассмотрены вопросы эксплуатации конденсаторных установок на промышленных объектах и их влияние на устойчивость узлов нагрузки. Для лучшего усвоения материала некоторые положения иллюстрируются численными примерами. Предназначено для студентов, обучающихся по направлению 140400 - "Электроэнергетика и электротехника" (магистерская программа "Оптимизация развивающихся систем электроснабжения"), специальности 140211 - "Электроснабжение". | ||
| 333 | |a Режим доступа: из корпоративной сети ТПУ | ||
| 337 | |a Adobe Reader | ||
| 452 | 1 | |0 (RuTPU)RU\TPU\book\238163 |t Компенсация реактивной мощности в электроустановках промышленных предприятий |o учебное пособие |f А. В. Кабышев |g Национальный исследовательский Томский политехнический университет (ТПУ) |c Томск |n Изд-во ТПУ |d 2012 |p 233 с. |a Кабышев, Александр Васильевич | |
| 606 | 1 | |a Электрические сети промпредприятий |x Реактивная мощность |x Компенсация |x Расчет |2 stltpush |3 (RuTPU)RU\TPU\subj\27463 |9 51216 | |
| 610 | 1 | |a электронный ресурс | |
| 610 | 1 | |a труды учёных ТПУ | |
| 610 | 1 | |a учебные пособия | |
| 610 | 1 | |a электроэнергетика | |
| 610 | 1 | |a электротехника | |
| 610 | 1 | |a электроснабжение | |
| 610 | 1 | |a электрические цепи | |
| 610 | 1 | |a реактивная мощность | |
| 610 | 1 | |a конденсаторные установки | |
| 610 | 1 | |a электрические сети | |
| 610 | 1 | |a компенсация | |
| 610 | 1 | |a источники | |
| 610 | 1 | |a промышленные электроприемники | |
| 610 | 1 | |a потребление | |
| 610 | 1 | |a реактивные нагрузки | |
| 610 | 1 | |a конденсаторные установки | |
| 610 | 1 | |a подключение | |
| 610 | 1 | |a асинхронные двигатели | |
| 610 | 1 | |a устойчивость | |
| 675 | |a 658.26:621.31(075.8) |v 3 | ||
| 700 | 1 | |a Кабышев |b А. В. |c специалист в области электроэнергетики |c профессор Томского политехнического университета |g Александр Васильевич |2 stltpush |3 (RuTPU)RU\TPU\pers\27068 | |
| 712 | 0 | 2 | |a Национальный исследовательский Томский политехнический университет (ТПУ) |b Энергетический институт (ЭНИН) |b Кафедра электроснабжения промышленных предприятий (ЭПП) |h 186 |2 stltpush |3 (RuTPU)RU\TPU\col\18676 |
| 801 | 1 | |a RU |b 63413507 |c 20120620 | |
| 801 | 2 | |a RU |b 63413507 |c 20130409 |g RCR | |
| 856 | 4 | |u http://www.lib.tpu.ru/fulltext2/m/2012/m333.pdf | |
| 900 | |a Электроснабжение промышленных предприятий | ||
| 942 | |c CF | ||